Interstellar Characters - Statistics

General Stats
  • This quiz has been taken 73 times
  • The average score is 5 of 11
Answer Stats
Hint Character % Correct
Protagonist's Daughter Murphy Cooper
98%
Protagonist Joseph Cooper
97%
Protagonist's Son Tom Cooper
97%
Biologist Amelia Brand
71%
Scientist and Biologist's Father John Brand
71%
Physicist Romilly
35%
Geographer Doyle
31%
Protagonist's Father-In-Law Donald
29%
Teacher Ms Hanley
3%
Fifth Crew Member Boots
2%
NASA Administrator Williams
2%
No matching quizzes found
Score Distribution
Percent of People with Each Score
Percentile by Number Answered
Your Score History
You have not taken this quiz